| 000 | 00906nam a2200253 i 4500 | ||
|---|---|---|---|
| 001 | 52030 | ||
| 003 | ES-MaACL | ||
| 005 | 20250712031710.0 | ||
| 007 | t| | ||
| 008 | 030822s1968 sp ||||1| spa d | ||
| 100 | 1 |
_aChirone, Vanna. _938557 |
|
| 245 | 1 | 0 |
_aModerna enciclopedia femenina / _cbajo la dirección de Vanna Chirone ; [traducción Fernando Gutiérrez]. |
| 250 | _a[10ª ed.]. | ||
| 260 |
_a[Barcelona] : _bMiracle, _c[1968] |
||
| 300 |
_a5 v., 104 lám. ; _c25 cm. |
||
| 500 | _aEl V. 5: La cocina, por Mapie de Tolouse-Lautrec ; versión Mercedes Trías Beristain. | ||
| 650 | 4 |
_aEnciclopedias femeninas. _9170691 |
|
| 650 | 4 |
_aCocina- _vRecetas. _911127 |
|
| 700 | 1 |
_aGutiérrez, Fernando, _d1911-1984 _9156260 |
|
| 700 | 1 |
_aTolouse-Lautrec, Mapie de. _9110486 |
|
| 700 | 1 |
_aTrías Beristaín, Mercedes. _9111372 |
|
| 852 |
_aES-MaACL _jC-42280-84 _bR.67940 |
||
| 999 |
_c52030 _d52030 |
||